000
00240nam a2200097Ia 4500
001
709330
005
20250826162544.0
008
250824s9999 xx 000 0 und d
245
0
_a
KIRMIZI KARTAL
_c
MİYASE SERTBARUT
260
_b
TUDEM YAYINLARI
999
_c
709330
_d
709330